<?xml version="1.0" encoding="UTF-8"?>
<record
    xmlns:xsi="http://www.w3.org/2001/XMLSchema-instance"
    xsi:schemaLocation="http://www.loc.gov/MARC21/slim http://www.loc.gov/standards/marcxml/schema/MARC21slim.xsd"
    xmlns="http://www.loc.gov/MARC21/slim">

  <leader>00973nam a2200265 b 4500</leader>
  <controlfield tag="003">3228</controlfield>
  <controlfield tag="005">20260126143251.0</controlfield>
  <controlfield tag="008">210805s9999    xx            000 0 und d</controlfield>
  <datafield tag="020" ind1=" " ind2=" ">
    <subfield code="a">9781409507659</subfield>
    <subfield code="q">hbk</subfield>
  </datafield>
  <datafield tag="040" ind1=" " ind2=" ">
    <subfield code="a">RDA</subfield>
    <subfield code="c">3228</subfield>
  </datafield>
  <datafield tag="041" ind1=" " ind2=" ">
    <subfield code="2">E</subfield>
  </datafield>
  <datafield tag="082" ind1=" " ind2=" ">
    <subfield code="a">EJF USBO</subfield>
  </datafield>
  <datafield tag="100" ind1=" " ind2=" ">
    <subfield code="a">USBORNE </subfield>
  </datafield>
  <datafield tag="245" ind1=" " ind2="0">
    <subfield code="a">Usborne Illustrated Stories for Children /</subfield>
  </datafield>
  <datafield tag="250" ind1=" " ind2=" ">
    <subfield code="a">LOC </subfield>
    <subfield code="b">EJF USBO</subfield>
  </datafield>
  <datafield tag="260" ind1=" " ind2=" ">
    <subfield code="a">England :</subfield>
    <subfield code="b">Usbrone Publishing Ltd ;</subfield>
    <subfield code="c">&#xA9;2009</subfield>
  </datafield>
  <datafield tag="300" ind1=" " ind2=" ">
    <subfield code="a">510 Pages ,</subfield>
    <subfield code="b">Colour Illustrations,</subfield>
    <subfield code="c">22 cm</subfield>
  </datafield>
  <datafield tag="500" ind1=" " ind2=" ">
    <subfield code="a">This beautifully illustrated collection of over twenty stories includes classic tales, such as Rapunzel and Treasure Island , as well as original stories that are exciting , magical and funny. </subfield>
  </datafield>
  <datafield tag="700" ind1=" " ind2=" ">
    <subfield code="9">196439</subfield>
    <subfield code="a">Sims, Lesley and Firth , Rachel</subfield>
    <subfield code="e">Editors</subfield>
  </datafield>
  <datafield tag="700" ind1=" " ind2=" ">
    <subfield code="9">196440</subfield>
    <subfield code="a">Luraschi , Anna</subfield>
    <subfield code="e">Illustrator</subfield>
  </datafield>
  <datafield tag="700" ind1=" " ind2=" ">
    <subfield code="9">196441</subfield>
    <subfield code="a">Lee , Helen and Lolande, Tom</subfield>
    <subfield code="e">Designers</subfield>
  </datafield>
  <datafield tag="942" ind1=" " ind2=" ">
    <subfield code="y">377</subfield>
    <subfield code="z">Lungile Vilakazi</subfield>
  </datafield>
  <datafield tag="942" ind1=" " ind2=" ">
    <subfield code="2">ddc</subfield>
    <subfield code="c">BOOK</subfield>
  </datafield>
  <datafield tag="942" ind1=" " ind2=" ">
    <subfield code="2">ddc</subfield>
    <subfield code="c">BOOK</subfield>
  </datafield>
  <datafield tag="999" ind1=" " ind2=" ">
    <subfield code="c">57187</subfield>
    <subfield code="d">57186</subfield>
  </datafield>
  <datafield tag="952" ind1=" " ind2=" ">
    <subfield code="0">0</subfield>
    <subfield code="1">0</subfield>
    <subfield code="2">ddc</subfield>
    <subfield code="4">0</subfield>
    <subfield code="7">0</subfield>
    <subfield code="8">F</subfield>
    <subfield code="a">PHOLL</subfield>
    <subfield code="b">PHOLL</subfield>
    <subfield code="c">CHILD</subfield>
    <subfield code="d">2025-09-04</subfield>
    <subfield code="l">2</subfield>
    <subfield code="o">EJF USBO</subfield>
    <subfield code="p">140272</subfield>
    <subfield code="r">2025-10-27</subfield>
    <subfield code="s">2025-10-27</subfield>
    <subfield code="w">2025-09-04</subfield>
    <subfield code="y">BOOK</subfield>
  </datafield>
  <datafield tag="952" ind1=" " ind2=" ">
    <subfield code="0">0</subfield>
    <subfield code="1">0</subfield>
    <subfield code="2">ddc</subfield>
    <subfield code="4">0</subfield>
    <subfield code="7">0</subfield>
    <subfield code="a">MILAL</subfield>
    <subfield code="b">MILAL</subfield>
    <subfield code="c">FIC</subfield>
    <subfield code="d">2026-01-26</subfield>
    <subfield code="l">0</subfield>
    <subfield code="o">EJF USBO</subfield>
    <subfield code="p">024 757</subfield>
    <subfield code="r">2026-01-26</subfield>
    <subfield code="w">2026-01-26</subfield>
    <subfield code="y">BOOK</subfield>
  </datafield>
</record>
